Bài tập thiết kế mô hình ba chiều với Mechanical Desktop

Gespeichert in:
Bibliographische Detailangaben
1. Verfasser: Nguyễn Hữu Lộc
Format: Buch
Sprache:Undetermined
Veröffentlicht: Thành phố Hồ Chí Minh Tổng hợp Thành phố Hồ Chí Minh 2005
Schlagworte:
Tags: Tag hinzufügen
Keine Tags, Fügen Sie den ersten Tag hinzu!
Thư viện lưu trữ: Trung tâm Học liệu Trường Đại học Cần Thơ
LEADER 00730nam a2200205Ia 4500
001 CTU_101608
008 210402s9999 xx 000 0 und d
020 |c 39000 
082 |a 621.80285 
082 |b L451 
100 |a Nguyễn Hữu Lộc 
245 0 |a Bài tập thiết kế mô hình ba chiều với Mechanical Desktop 
245 0 |c Nguyễn Hữu Lộc 
260 |a Thành phố Hồ Chí Minh 
260 |b Tổng hợp Thành phố Hồ Chí Minh 
260 |c 2005 
650 |a mechanical engineering,computer graphics,mechanical desktop ( computer programs ) 
650 |x computer programs 
904 |i Minh 
980 |a Trung tâm Học liệu Trường Đại học Cần Thơ